000
00328nam a2200133Ia 4500
008
240624s9999 xx 000 0 und d
041
_a
eng
082
_a
634.901 KOZ
100
_a
KOZAK ANTAL
245
_a
INTRODUCTORY PROBABILITY AND STATISTICS
260
_c
2008
_a
Uk
_b
Cabi
300
_a
xvi, 408 p,: 23 cm.
365
_c
_b
38
999
_c
31172
_d
31172